Vývoj revolučného procesu robotníckeho hnutia v Komárňanskej župe v období vzniku marxistickej ľavice na Slovensku

Bibliographic Details
Main Author: Kováčová, Ingeborg (Author)
Format: Article
Language:Slovak
PhysicalDescription:Lit. 9 zázn.
Subjects:

MARC

LEADER 00000nab a2200000 a 4500
001 vtls000159201
003 SK-MaSNL
005 20260302210133.0
008 111031c1982 xo 0 slo
015 |a SNBRA19rr/mm-uuuuu 
035 |a CL0169311 
040 |a SNKBUCL  |b slo  |c SNKBUCL  |e AACR2 
041 0 |a slo 
044 |a xo  |c SK 
080 |a 329.15(437.6)KSS  |2 1981 
080 |a 323.4  |2 1981 
080 |a 943.76  |2 1981 
100 1 |a Kováčová, Ingeborg  |4 aut  |9 932786 
245 1 0 |a Vývoj revolučného procesu robotníckeho hnutia v Komárňanskej župe v období vzniku marxistickej ľavice na Slovensku  |c Ingeborg Kováčová 
300 |b Lit. 9 zázn. 
650 0 7 |a robotnícke hnutie  |2 snkbucl  |9 4769 
650 0 7 |a ľavica marxistická  |2 snkbucl  |9 932787 
650 0 7 |a župa Komárňanská  |2 snkbucl  |9 932788 
655 7 |a články zo zborníkov  |2 snkbucl  |9 166140 
773 0 |t Zborník Ústavu marxizmu-leninizmu pri Vysokej škole poľnohospodárskej v Nitre 12/1982  |d Bratislava : Príroda, 1982 
850 |a Slovenská národná knižnica v Martine  |a MTA001 
852 |a SNK  |b KIS3GCP 
958 |a RK 
992 |a RZB 
999 |c 1481113  |d 1483043